书目信息 |
| 题名: |
中国现代名人轶闻录
|
|
| 作者: | 刘润生 编著 | |
| 分册: | ||
| 出版信息: | 郑州 河南人民出版社 1991.8 |
|
| 页数: | 382页 | |
| 开本: | 19cm | |
| 丛书名: | ||
| 单 册: | ||
| 中图分类: | K820.7 , I25 | |
| 科图分类: | ||
| 主题词: | 名人--生平事迹--中国--现代 , 名人 , 报告文学--中国 , 传记文学--中国 | |
| 电子资源: | ||
| ISBN: | 7-215-01383-9 | |
| 000 | 00803nam0 2200265 450 | |
| 001 | 1557181123 | |
| 005 | 20150121155321.37 | |
| 010 | @a7-215-01383-9@dCNY5.40 | |
| 100 | @a19920327d1991 em y0chiy0110 ea | |
| 101 | 0 | @achi |
| 102 | @aCN@b410000 | |
| 105 | @ay z 000yc | |
| 200 | 1 | @a中国现代名人轶闻录@9zhong guo xian dai ming ren yi wen lu@f刘润生等编著 |
| 210 | @a郑州@c河南人民出版社@d1991.8 | |
| 215 | @a382页@d19cm | |
| 330 | @a本书共采录了200余篇现代名人(包括正反两方面人物)与中国现代史上发生的鲜为人知的轶闻轶事。 | |
| 606 | 0 | @a名人@x生平事迹@y中国@z现代 |
| 606 | 0 | @a名人 |
| 606 | 0 | @a报告文学@x中国 |
| 606 | 0 | @a传记文学@x中国 |
| 690 | @aK820.7@v三版 | |
| 690 | @aI25@v4 | |
| 701 | 0 | @a刘润生@9liu run sheng@4编著 |
| 801 | 0 | @aCN@bTSSF@c20150121 |
| 905 | @aZUCC@dI25@eJY105 | |
| 中国现代名人轶闻录/刘润生等编著.-郑州:河南人民出版社,1991.8 |
| 382页;19cm |
| ISBN 7-215-01383-9:CNY5.40 |
| 本书共采录了200余篇现代名人(包括正反两方面人物)与中国现代史上发生的鲜为人知的轶闻轶事。 |
| ● |
| 相关链接 |
|
|
|
|
正题名:中国现代名人轶闻录
索取号:I25/JY105
 
预约/预借
| 序号 | 登录号 | 条形码 | 馆藏地/架位号 | 状态 | 备注 |
| 1 | 7855659 | 278556590 | 学院路分馆/ [索取号:I25/JY105] | 在馆 |